000
00293nam a22001337a 4500
008
181023b xxu||||| |||| 00| 0 eng d
020
_a
9780880297639
041
_a
eng
080
_a
941
100
_a
16
101
_a
HIS
245
_a
History Fact Fable
_c
Willis.TH
942
_2
udc
_c
BK
999
_c
50674
_d
50674